|
|
|
|
| LEADER |
00000nam a22000007a 4500 |
| 005 |
20191004124753.0 |
| 007 |
cr|||| |||| |
| 008 |
191004s2019 es |||||s|||| 00||0 spa d |
| 020 |
|
|
|a 9786200023155
|
| 035 |
|
|
|a 29261
|
| 040 |
|
|
|a vLex
|
| 090 |
|
|
|c 9717
|d 9717
|
| 100 |
1 |
|
|a Rodrg̕uez, Juan Pablo
|
| 245 |
1 |
2 |
|a El Estado de tutela de los Derechos de las Personas con Discapacidad
|h [Recurso electrn̤ico] /
|c Juan Pablo Rodrg̕uez
|
| 256 |
|
|
|a Servicio en ln̕ea
|
| 260 |
|
|
|a Madrid:
|b Editorial Acadm̌ica Espaǫla,
|c 2019
|
| 300 |
|
|
|a 1 recurso electrn̤ico
|
| 500 |
|
|
|a Estado actual de tutela de los Derechos de las Personas con Discapacidad en la provincia de Santiago del Estero, a la luz del nuevo Paradigma Social y de la Convencin̤ sobre los Derechos de las Personas con Discapacidad. Indagando si se ve reflejada la mirada del nuevo paradigma social en la redaccin̤ de las leyes y normas, pero advirtiendo que como todo cambio paradigmt̀ico requiere un esfuerzo no solo institucional sino tambiň social, por parte de todos los integrantes que forman parte de la sociedad, esfuerzo que tambiň pesa sobre los actores polt̕icos y lo que demanda una actitud positiva en la bs︢queda de polt̕icas de accin̤ pb︢lica que posibiliten una modificacin̤ paulatina del enfoque que se tena̕ en un primer momento acerca de las personas con discapacidad hacia una mejor situacin̤ de proteccin̤ y tutela de sus derechos.
|
| 506 |
1 |
|
|a Disponible solo en los productos indicados
|d vLex Global
|d vLex Global (Academic Edition, excluding Law Schools)
|d vLex Global (U.S. Academic Edition, Law Schools)
|d vLex Global (U.S. Academic Edition, excluding Law Schools)
|d vLex Global (Academic Edition, Law Schools)
|
| 650 |
0 |
4 |
|a Derecho Pb︢lico y Administrativo
|z Espaą
|
| 740 |
0 |
|
|a vLex Libros (Servicio en ln̕ea)
|
| 856 |
4 |
0 |
|u http://vlex.com/source/29261
|z Acceso restringido
|
| 942 |
|
|
|c BOOK
|
| 999 |
0 |
|
|a Public and Administrative Law
|